<The> Choice Factory How 25 Behavioural Biases that Influence the Products We Decide to Buy
Guardado en:
| Autor principal: | |
|---|---|
| Formato: | Libro |
| Lenguaje: | inglés |
| Publicado: |
Petersfield
Harriman House
2018
|
| Edición: | 1st Edition |
| Materias: | |
| Etiquetas: |
Sin Etiquetas, Sea el primero en etiquetar este registro!
|
MARC
| LEADER | 00000nam a2200000 4500 | ||
|---|---|---|---|
| 001 | 0259607 | ||
| 005 | 20240221112821.8 | ||
| 020 | |a 978-0-85719-609-5 | ||
| 020 | |a 978-0-85719-610-1 | ||
| 041 | 0 | |a eng | |
| 044 | |a GB | ||
| 245 | 1 | 0 | |a <The> Choice Factory |b How 25 Behavioural Biases that Influence the Products We Decide to Buy |c Richard Shotton |
| 250 | |a 1st Edition | ||
| 264 | 1 | |a Petersfield |b Harriman House |c 2018 | |
| 300 | |a 202 s. | ||
| 610 | 2 | 0 | |a spoločnosť |
| 610 | 2 | 0 | |a správanie |
| 610 | 2 | 0 | |a rozhodovanie |
| 610 | 2 | 0 | |a správanie spotrebiteľa |
| 610 | 2 | 0 | |a psychológia |
| 610 | 2 | 0 | |a ekonómia behaviorálna |
| 100 | 1 | |a Shotton, Richard | |